00440cam a2200169ua 4500001000400000008003900004020001800043040000900061082001200070245004400082250001300126260004500139300002400184653002300208653002200231700001700253458110406n ii |||gr||||Z||||||eng a0-7069-2832-6 cMAIN a320.513 aModern political theory.cBy S P Varma. a1986 th. aSahibabad.:bNew prinindia pvt ltd.,975. axviii, 449 p.:6 cm. aPolitical science. aPolitical theory. aVarma, S P.,